000 00253nam a2200097Ia 4500
008 230915s9999 xx 000 0 und d
050 _aQC861.2.N45.C.1
100 _aMORRIS NEIBURGER
245 0 _aUNDERSTANDING OUR ATMOSPHERIC ENVIRONMENT
942 _cBK
999 _c189731
_d189731